000 00769nam a22002057a 4500
999 _c8592
_d8592
003 AR-CdUCM
008 190325b ||||| |||| 00| 0 spa d
040 _aMUNICIPALIDAD PROVINCIAL DEL CUSCO
_cBIBLIOTECA MUNICIPAL DEL CUSCO
082 _a158.1 /
_bB18
100 _aBalmes, Jaime Luciano
_924046
245 _aEl criterio /
260 _aBarcelona :
_bEdiciones Zeus,
_c1962.
300 _a383 páginas ;
_c18 cm.
505 _aContenido: Consideraciones preliminares -- La atención -- Elección de carrera -- Cuestiones de posibilidad -- Cuestiones de existencia -- Conocimiento de la existencia ...
650 _aAutorrealización
_924047
650 _aVerdad
_920211
650 _aÉxitos, Consejos, reflexiones
_924048
942 _2ddc
_cLIBROS
945 _aachl